Sudden Death - Gorillaz Songs #3 - Statistics

General Stats
  • This quiz has been taken 55 times
  • The average score is 9 of 15
Answers on the Grid
Answers color-coded by a green-red scale on the quiz's grid according to % correct below.
Submission
Magical Night
Automatic Machine
19-2000
Jimmy Jimmy
The Robots
Sleeping Powder
Speak To Me
Whirling Dervish
Phoner to Arizona
Momentary Bliss
We Are Happy Landfill
Chicagoland
Plastic Beach
White Light
Supernova
Aspen Forest
King of Sweden
Kansas
The Night You Died
Bell Calling
Islands and Oceans
Meanwhile
The Power
The Sounder
Tomorrow Comes Today
Fire Coming out of the Monkey's Head
Journey Up A Volcano
Tokyo Baby
Supersonic
 
Answer Stats
Answer % Correct
Momentary Bliss
85%
19-2000
81%
Plastic Beach
78%
Tomorrow Comes Today
74%
Fire Coming out of the Monkey's Head
70%
Sleeping Powder
70%
White Light
67%
Kansas
59%
Jimmy Jimmy
56%
Submission
56%
We Are Happy Landfill
56%
Meanwhile
48%
Phoner to Arizona
48%
Aspen Forest
44%
The Sounder
44%
No matching quizzes found
Score Distribution
Percent of People with Each Score
Percentile by Number Answered
Your Score History
You have not taken this quiz